| 000 | 00890nam a2200241 a 4500 | ||
|---|---|---|---|
| 001 | 65696 | ||
| 003 | BD-RjUL | ||
| 005 | 20211209081444.0 | ||
| 008 | 170309s1970 ii |||| |||| 000 0 ben d | ||
| 020 | _c: Tk. 15.00 | ||
| 035 | _a(BD-RjUL)65826 | ||
| 040 |
_aBD-RjUL _bben _cBD-RjUL _dBD-RjUL |
||
| 041 | _aben | ||
| 082 |
_223 _a891.44109 _bSEB 1970 |
||
| 100 | 1 |
_aসেন, সুকুমার _9177553 |
|
| 245 | 1 | 0 |
_aবৈষ্ণবীয় নিবন্ধ / _cসুকুমার সেন |
| 250 | _a১ম সং. | ||
| 260 |
_aকলকাতা : _bরূপা অ্যান্ড কোং., _c১৯৭০ [১৩৭৭] |
||
| 300 |
_a৩১৪ পৃ. ; _c২১ সেমি, |
||
| 650 |
_aবাংলা কবিতা _xইতিহাস ও সমালোচনা _9185023 |
||
| 650 |
_aBengali Poetry _xHistory and Criticism _9186582 |
||
| 942 |
_2ddc _cBK |
||
| 999 |
_c65696 _d65696 |
||